| 000 | 00781nam a22002177a 4500 | ||
|---|---|---|---|
| 003 | 0 | ||
| 005 | 20250129102055.0 | ||
| 008 | 150903b xxu||||| |||| 00| 0 eng d | ||
| 050 |
_aPGS LB 1050.5 _b.C559 2015 |
||
| 100 | _aChun, Hee Jae. | ||
| 245 |
_aReading books and study skills / _cHee Jae Chun. |
||
| 260 |
_aLas PiƱas City, Philippines : _bSouthville International School and Colleges, _c2015. |
||
| 300 |
_a35 p. : _bill. ; _c28 cm. _fPASS |
||
| 504 | _aIncludes bibliographical references. | ||
| 650 |
_2Library of Congress Subject Headings _aReading (Elementary). |
||
| 650 | _aStudy skills in children. | ||
| 650 |
_aChildren _vBooks and reading. |
||
| 650 |
_aElementary school students _vPsychology. |
||
| 650 | _aTime management in children. | ||
| 942 |
_2lcc _cPASS |
||
| 999 |
_c288594 _d288594 |
||